[Event "PRO League Group Stage"]
[Site "masterchessopen.com chess.com INT"]
[Date "2017.02.11"]
[Round "5"]
[White "Fontaine,R"]
[Black "Belous,V"]
[Result "0-1"]
[WhiteElo "2549"]
[BlackElo "2564"]

1.d4 Nf6 2.Bf4 g6 3.e3 Bg7 4.Nd2 O-O 5.c3 d6 6.Ngf3 Nbd7 7.Be2 Qe8 8.O-O Nh5
9.Bg3 Nxg3 10.hxg3 e5 11.dxe5 dxe5 12.e4 a5 13.a4 Nc5 14.Qc2 Bd7 15.b3 Bc6
16.Rfe1 b6 17.Bc4 Qe7 18.Bd5 Bxd5 19.exd5 Rad8 20.c4 e4 21.Rad1 f5 22.Nf1 c6
23.Nd4 cxd5 24.Nc6 Qc7 25.cxd5 Nd3 26.Qc4 Nxe1 27.Nxd8 Qxc4 28.bxc4 Rxd8
29.Rxe1 Rc8 30.Rc1 Kf8 31.Rc2 Ke7 32.Nd2 Kd6 33.Nb3 Be5 34.Kf1 h5 35.Ke2 g5
36.Ke3 h4 37.gxh4 gxh4 38.Nd4 Bxd4+ 39.Kxd4 Rg8 40.Rb2 Kc7 41.f3 exf3 42.gxf3
h3 43.Rh2 Rh8 44.Ke5 Rh5 45.Ke6 f4 46.Ke7 Rh6 47.d6+ Rxd6 48.Rxh3 Rc6 49.Rh4
Rxc4 50.Ke6 Rxa4 51.Kd5 Kb7 52.Rh7+ Ka6 53.Rf7 Kb5 54.Rf6 Rb4 55.Kd6 a4 56.Kc7
Ka6 57.Kb8 a3 58.Rf7 Ra4 {#R} 0-1

[Event "PRO League Group Stage"]
[Site "masterchessopen.com chess.com INT"]
[Date "2017.02.11"]
[Round "5"]
[White "Tristan,L"]
[Black "Kjartansson,G"]
[Result "0-1"]
[WhiteElo "2458"]
[BlackElo "2468"]

1.d4 d5 2.Bf4 Nf6 3.e3 e6 4.Nd2 c5 5.c3 Nc6 6.Ngf3 Bd6 7.Bg3 O-O 8.Bd3 b6
9.Qe2 Re8 10.Ne5 Ne7 11.e4 cxd4 12.cxd4 dxe4 13.Nxe4 Bb4+ 14.Kf1 Ned5 15.Ng5
Rf8 16.Bh4 Nf4 17.Qc2 Nxd3 18.Qxd3 Qd5 19.Ngf3 Bb7 20.Bxf6 gxf6 21.Ng4 Be7
22.Ne3 Qe4 23.Qxe4 Bxe4 24.Ke2 Rfc8 25.Rac1 Kf8 26.Nd2 Bb7 27.Rhd1 Ke8 28.a3
Kd7 29.Nf3 Ba6+ 30.Ke1 Rxc1 31.Rxc1 Bb7 32.Ke2 Rc8 33.Rd1 Bd6 34.Ne5+ Ke7
35.Nf3 Ba6+ 36.Ke1 f5 37.g3 f4 38.Ng4 Rc2 39.Rd2 Rc1+ 40.Rd1 Rxd1+ 41.Kxd1 Bb7
42.Nd2 f6 43.Nc4 Bf3+ 44.Kd2 Bxg4 45.Kd3 Bf5+ 46.Kc3 fxg3 47.hxg3 h5 48.Nd2
Bg4 49.Ne4 Bf5 50.Nd2 e5 51.Nc4 Be6 52.Nd2 f5 53.dxe5 Bxe5+ 54.Kc2 Bd5 55.Nf1
f4 56.Kd3 Bg2 57.Nd2 fxg3 58.fxg3 Bf4 59.gxf4 h4 60.Ke3 Kf6 61.Kf2 Bd5 62.Nf1
Kf5 63.Ne3+ Ke4 64.Nxd5 Kxd5 65.Kf3 h3 66.Kg3 Ke4 67.Kxh3 Kxf4 68.Kg2 Ke3
69.Kf1 Kd2 70.Kf2 Kc2 71.b4 Kb3 72.Ke3 Kxa3 73.b5 Kb4 74.Kd4 Kxb5 75.Kc3 {#R}
0-1

[Event "PRO League Group Stage"]
[Site "masterchessopen.com chess.com INT"]
[Date "2017.02.11"]
[Round "5"]
[White "Pruijssers,R"]
[Black "Fishbein,A"]
[Result "1-0"]
[WhiteElo "2502"]
[BlackElo "2481"]

1.e4 c5 2.Nf3 d6 3.d4 cxd4 4.Nxd4 Nf6 5.Nc3 Nc6 6.Bg5 e6 7.Qd2 Be7 8.O-O-O O-O
9.f4 h6 10.Bh4 Nxd4 11.Qxd4 Bd7 12.Bxf6 Bxf6 13.e5 Bh4 14.exd6 Qa5 15.Qe5 Qb6
16.Ne4 Bc6 17.Bd3 f5 18.Qxe6+ Kh8 19.Nd2 Rf6 20.Qe2 Qf2 21.g3 Qxe2 22.Bxe2
Bxh1 23.Rxh1 Re6 24.Bc4 Rxd6 25.gxh4 Rd4 26.Rf1 Rc8 27.Be6 Re8 28.Nb3 Re4
29.Bxf5 Re1+ 30.Rxe1 Rxe1+ 31.Kd2 Rf1 32.Ke3 Rb1 33.a4 Rxb2 34.a5 Rb1 35.Be4
b6 36.a6 Rb2 37.Kd2 Ra2 38.Bd3 Ra4 39.Ke3 Ra3 40.Kd4 Ra4+ 41.Ke5 b5 42.Bxb5
Rb4 43.Bd3 Kg8 44.Nd4 Rb6 45.Kd5 Kf8 46.Nc6 Ke8 47.Nxa7 Kd8 48.Nc6+ Kc7 49.Nd4
Rf6 50.h5 Kb6 51.Ke5 Rf7 52.Ne6 Rd7 53.f5 Ka7 54.f6 gxf6+ 55.Kxf6 Rd6 56.Ke7
Rb6 57.Nd4 Ka8 58.Nb5 Kb8 59.a7+ Kb7 60.Be4+ {#r} 1-0

[Event "PRO League Group Stage"]
[Site "masterchessopen.com chess.com INT"]
[Date "2017.02.11"]
[Round "5"]
[White "Pruijssers,R"]
[Black "Benjamin,Joe"]
[Result "0-1"]
[WhiteElo "2502"]
[BlackElo "2544"]

1.e4 e5 2.Nf3 Nc6 3.Bc4 Nf6 4.d3 Be7 5.O-O O-O 6.Re1 d6 7.a4 h6 8.a5 a6 9.h3
Nh7 10.Nc3 Kh8 11.Nd5 f5 12.exf5 Bxf5 13.d4 e4 14.Nxe7 Nxe7 15.Nh2 d5 16.Be2
Qd6 17.Ra3 c6 18.Bd2 Ng6 19.Qc1 Rf7 20.Rb3 Qf6 21.Bh5 Qh4 22.Bxg6 Bxg6 23.Rg3
Bh5 24.Be3 Raf8 25.c4 Qd8 26.b4 Nf6 27.c5 Ng8 28.Ng4 Bxg4 29.hxg4 g5 30.Rh3
Kg7 31.Rf1 Qf6 32.f4 exf3 33.gxf3 Qe6 34.Qd2 Ne7 35.Kg2 Ng6 36.Re1 Rxf3
37.Rxf3 Nh4+ 38.Kh1 Nxf3 {#R} 0-1

[Event "PRO League Group Stage"]
[Site "masterchessopen.com chess.com INT"]
[Date "2017.02.11"]
[Round "5"]
[White "Van Delft,M"]
[Black "Stripunsky,A"]
[Result "0-1"]
[WhiteElo "2373"]
[BlackElo "2536"]

1.e4 c5 2.Nf3 e6 3.d4 cxd4 4.Nxd4 a6 5.Bd3 Qc7 6.O-O Nf6 7.Qe2 d6 8.c4 g6 9.b3
Bg7 10.Bb2 O-O 11.Nd2 e5 12.Nc2 Nh5 13.g3 Nc6 14.Rac1 Be6 15.Rfd1 Rad8 16.Ba1
Qd7 17.Ne3 Nd4 18.Bxd4 exd4 19.Nd5 Bxd5 20.cxd5 Rc8 21.Rxc8 Rxc8 22.Nc4 Qd8
23.a4 Nf6 24.a5 Qe7 25.Nb6 Rc3 26.b4 Nd7 27.Nxd7 Qxd7 28.Rb1 h5 29.h4 Qa4
30.b5 axb5 31.Bxb5 Qxa5 32.Bc4 Qa3 33.Rd1 Be5 34.Kh1 Rxc4 {#R} 0-1

[Event "PRO League Group Stage"]
[Site "masterchessopen.com chess.com INT"]
[Date "2017.02.11"]
[Round "5"]
[White "Van Delft,M"]
[Black "Katz,Alexander R"]
[Result "0-1"]
[WhiteElo "2373"]
[BlackElo "2335"]

1.e4 d6 2.d4 Nf6 3.Nc3 g6 4.Be3 c6 5.Qd2 b5 6.Bd3 e5 7.dxe5 dxe5 8.h3 Be6
9.Nf3 Nbd7 10.Ng5 Nc5 11.O-O Be7 12.Rfd1 O-O 13.Qe1 Qc7 14.a3 a5 15.Nxe6 Nxe6
16.Bh6 Rfd8 17.Bf1 Nd4 18.Rd2 b4 19.axb4 axb4 20.Rxa8 Rxa8 21.Nd1 b3 22.c3 Nc2
23.Qe2 Ra4 24.f3 Nh5 25.Kh2 Bh4 26.Qd3 Ng3 27.Be2 Ne1 28.Qe3 f5 29.Qc5 Be7
30.Qf2 Nxe2 31.Qxe2 Nc2 32.Qd3 f4 33.Qd7 Qxd7 34.Rxd7 Bh4 35.Rg7+ Kh8 36.Rc7
Kg8 37.Rg7+ Kh8 38.Rc7 Ra8 39.Rd7 Bg3+ 40.Kg1 Ne3 41.h4 Kg8 42.Rg7+ Kh8 43.Rd7
Kg8 44.Rg7+ Kh8 45.Rd7 Nxd1 46.Rxd1 Bxh4 47.Kh2 Rd8 48.Ra1 Bg3+ 49.Kh3 Kg8
50.Ra7 Bf2 51.Rg7+ Kh8 52.Rc7 c5 53.Kg4 Kg8 54.Rg7+ Kh8 55.Rb7 Kg8 56.Rg7+ Kh8
57.Rb7 Kg8 58.Kg5 c4 59.Rg7+ Kh8 60.Rc7 Bb6 61.Rb7 Be3 62.Bg7+ Kg8 63.Bf6 Rd2
64.Kh6 Rxg2 65.Rg7+ Kf8 66.Rxh7 Rh2+ 67.Kxg6 Rxh7 68.Kxh7 Bc1 69.Bxe5 Bxb2
{#R} 0-1

[Event "PRO League Group Stage"]
[Site "masterchessopen.com chess.com INT"]
[Date "2017.02.11"]
[Round "5"]
[White "Francisco,R"]
[Black "Agrest,E"]
[Result "1-0"]
[WhiteElo "2273"]
[BlackElo "2593"]

1.e4 c6 2.d4 d5 3.e5 Bf5 4.h4 Qc8 5.Ne2 h6 6.Ng3 Bh7 7.c4 e6 8.Nc3 Nd7 9.cxd5
cxd5 10.Be3 Ne7 11.Rc1 Nc6 12.Bd3 Bxd3 13.Qxd3 Qd8 14.Nh5 Nb6 15.b3 Nd7 16.g3
a6 17.O-O Ne7 18.Rfe1 Nb6 19.Bd2 Nf5 20.Nd1 Nd7 21.Ne3 Nxe3 22.Bxe3 g6 23.Nf4
Rg8 24.Bd2 Be7 25.h5 Nf8 26.Rc2 g5 27.Ng2 Rg7 28.Ne3 Rg8 29.Ng4 Rh8 30.Rec1
Nd7 31.Rc7 Kf8 32.Rxb7 Rc8 33.Qxa6 Rxc1+ 34.Bxc1 Nb8 35.Qb5 Kg7 36.Bd2 Qe8
37.a4 Nc6 38.Be3 Bd8 39.Kg2 Rf8 40.Qd3 Be7 41.Bd2 Qc8 42.Rb5 Qc7 43.f4 gxf4
44.Bxf4 Kh8 45.Nxh6 Nb4 46.Qd2 Nc2 47.Bg5 Na3 48.Bxe7 Qxe7 49.Rc5 f5 50.Qf4
Nb1 51.Qc1 Qg7 52.Rc7 {#r} 1-0

[Event "PRO League Group Stage"]
[Site "masterchessopen.com chess.com INT"]
[Date "2017.02.11"]
[Round "5"]
[White "Francisco,R"]
[Black "Agrest,I"]
[Result "0-1"]
[WhiteElo "2273"]
[BlackElo "2273"]

1.e4 e5 2.Nf3 Nc6 3.d4 exd4 4.Nxd4 Nf6 5.Nxc6 bxc6 6.e5 Qe7 7.Qe2 Nd5 8.h4 Bb7
9.c4 Nb6 10.Nc3 Qe6 11.Bd2 O-O-O 12.O-O-O Ba6 13.Bg5 Re8 14.Qd2 Bxc4 15.Bxc4
Qxc4 16.Be3 Qe6 17.Rhe1 Bb4 18.Kb1 Bxc3 19.Qxc3 Qxe5 20.Qa3 Kb7 21.Ka1 Qf5
22.Rd4 Re5 23.Red1 Rd5 24.Rxd5 cxd5 25.Rc1 Qe5 26.g3 c6 27.Bf4 Qe6 28.Qb4 Re8
29.a3 Qe7 30.Qc3 f6 31.Qc2 g5 32.Be3 h6 33.h5 Qe4 34.Qc5 Qe7 35.Qc3 f5 36.Bc5
Qe5 37.Bd4 Qe2 38.Be3 Qxh5 39.Qg7 Rd8 40.Qe7 Qe8 41.Qd6 Qe6 42.Qc5 Re8 43.a4
Qe7 44.Qc2 Qe4 45.Qc5 Qxa4+ 46.Kb1 Qe4+ 47.Ka1 Qe7 48.Qa5 Qd6 49.Qd2 Re4
50.Kb1 Qe6 51.Rh1 Ra4 52.f3 d4 53.Bf2 Qd5 54.Rxh6 Qxf3 55.Bxd4 Qe4+ 56.Qc2
Ra1+ 57.Kxa1 Qxc2 58.Bc3 Na4 59.Rh7 Nxc3 60.Rxd7+ Kb6 {#R} 0-1

[Event "PRO League Group Stage"]
[Site "masterchessopen.com chess.com INT"]
[Date "2017.02.11"]
[Round "5"]
[White "Li,Ruifeng"]
[Black "Kantane,Anna"]
[Result "1-0"]
[WhiteElo "2564"]
[BlackElo "2259"]

1.e4 e5 2.Nf3 Nc6 3.Bb5 a6 4.Ba4 Nf6 5.O-O Be7 6.Re1 b5 7.Bb3 d6 8.c3 O-O 9.h3
Na5 10.Bc2 c5 11.d4 Qc7 12.Nbd2 cxd4 13.cxd4 Nc6 14.Nb3 a5 15.Be3 a4 16.Nbd2
Qb7 17.Nf1 a3 18.bxa3 Rxa3 19.Ng3 g6 20.d5 Nb4 21.Bb3 Ra8 22.Qd2 Na6 23.Rac1
Bd7 24.Rc2 Bd8 25.Bh6 Re8 26.Rec1 Nc5 27.Rxc5 dxc5 28.Rxc5 Qb6 29.Rc1 Qa5
30.Qe3 Qa7 31.Qd2 Qa5 32.Qe3 Qa7 33.Qe2 b4 34.Ng5 Ba4 35.Bc4 Re7 36.Rb1 Qc5
37.Nf3 Rb8 38.Bg5 Qd6 39.Nh4 Rc7 40.Nf3 Ne8 41.Be3 Be7 42.Kh2 Rcb7 43.Qd3 Bb5
44.Bxb5 Rxb5 45.Nd2 f6 46.Ne2 Qa6 47.Qb3 Nd6 48.Nc1 Ra5 49.Rb2 Kg7 50.Qd1 h5
51.Ndb3 Nc4 52.Re2 Nxe3 53.Rxe3 Ra3 54.Rg3 Kh7 55.Rd3 Bd6 56.Qf3 Rf8 57.Rd2
Qc4 58.Qe3 Qc3 59.Rd3 Qc2 60.Rd2 Qc3 61.Rd3 Qc2 62.Qb6 Qc7 63.Qe3 Rc8 64.h4
Qc2 65.Rd2 Qb1 66.Qf3 Kg7 67.Rd1 Rc3 68.Qe2 Rc2 69.Qb5 Ra7 70.Qb6 Rd7 71.Qb5
Rdc7 72.Qb6 Rd7 73.Qb5 Rdc7 74.Qb6 Rd7 75.Re1 Qb2 76.Kg1 Qc3 77.Rf1 Qc7 78.Qb5
Rc3 79.Ne2 Rc2 80.Nec1 Rb2 81.Qa4 Qa7 82.Qc6 Qc7 83.Qa4 Qa7 84.Qb5 Rc7 85.Qd3
Rcc2 86.Qf3 Kf7 87.g3 Ke7 88.Kg2 Bc5 89.Nxc5 Qxc5 90.Nd3 Qc3 91.Nxb2 Qxb2
92.Qd3 Rd2 93.Qb5 Qd4 94.Qb7+ Kf8 95.Qc8+ Kg7 96.Qb7+ Kh6 97.Qf7 Qxe4+ 98.Kg1
Qxd5 99.Qxf6 Rxa2 100.Qh8# 1-0

[Event "PRO League Group Stage"]
[Site "masterchessopen.com chess.com INT"]
[Date "2017.02.11"]
[Round "5"]
[White "Li,Ruifeng"]
[Black "Kantans,T"]
[Result "1-0"]
[WhiteElo "2564"]
[BlackElo "2456"]

1.e4 c5 2.Nc3 Nc6 3.g3 Rb8 4.Bg2 b5 5.d3 b4 6.Nd5 e6 7.Ne3 g6 8.a3 b3 9.c3 Bg7
10.Nf3 Nge7 11.Nd2 Na5 12.Nec4 O-O 13.O-O Ba6 14.Nxa5 Qxa5 15.Nc4 Qc7 16.Bf4
e5 17.Bg5 f6 18.Be3 f5 19.Bg5 Bf6 20.Bxf6 Rxf6 21.exf5 Nxf5 22.Re1 d6 23.a4
Bb7 24.Bxb7 Qxb7 25.Ra3 Kh8 26.Nd2 Qd5 27.Rxb3 Rbf8 28.Ne4 R6f7 29.Ra3 a5
30.Rb3 Ne7 31.Rb6 Nc8 32.Rb5 Rf3 33.Re3 Rxe3 34.fxe3 Qf7 35.Qe2 Qc7 36.c4 Na7
37.Rb3 Nc6 38.Rc3 Kg7 39.Rc1 Qb8 40.Rf1 Rxf1+ 41.Qxf1 Qd8 42.h4 Nb4 43.Kg2 h6
44.Qe2 d5 45.Nxc5 Qd6 46.d4 exd4 47.exd4 dxc4 48.Qxc4 Nc6 49.Ne6+ Kf6 50.d5
Nb4 51.Nf4 g5 52.Qd4+ Kf5 53.hxg5 hxg5 54.Ne2 Qxd5+ 55.Qxd5+ Nxd5 56.Nd4+ Ke4
57.Nc6 Ne3+ 58.Kh2 Kf3 59.Nxa5 Nf1+ 60.Kg1 Nxg3 61.Nc6 Ne2+ 62.Kf1 Nf4 63.a5
g4 64.Ne5+ Ke4 65.a6 {#r} 1-0

[Event "PRO League Group Stage"]
[Site "masterchessopen.com chess.com INT"]
[Date "2017.02.11"]
[Round "5"]
[White "Griffiths,R"]
[Black "Ostrovskiy,And"]
[Result "0-1"]
[WhiteElo "2356"]
[BlackElo "2444"]

1.d4 Nf6 2.c4 e6 3.Nc3 Bb4 4.e3 b6 5.Ne2 Ne4 6.Bd2 Nxd2 7.Qxd2 Bb7 8.a3 Be7
9.e4 O-O 10.Ng3 d6 11.Be2 Nd7 12.O-O g6 13.f4 Bf6 14.Rad1 Bg7 15.Kh1 a6 16.Bf3
c6 17.f5 b5 18.fxe6 fxe6 19.Bg4 Qe7 20.Qd3 Nf6 21.Bf3 e5 22.dxe5 dxe5 23.Qd6
Qxd6 24.Rxd6 Rad8 25.Rfd1 Rxd6 26.Rxd6 Kf7 27.cxb5 axb5 28.Kg1 Ke7 29.Rd1 h5
30.h3 Bh6 31.Kf2 Ne8 32.b4 Nd6 33.a4 bxa4 34.Nxa4 h4 35.Nf1 Nxe4+ 36.Ke2 Ba6+
37.Ke1 Bb5 38.Nb6 Nd6 39.Ra1 e4 40.Ra7+ Ke6 41.Bg4+ Nf5 42.Nd7 Rd8 43.Nc5+ Kd5
44.Rh7 Bf8 45.Bxf5 gxf5 46.Ne3+ Ke5 47.Rh5 Kf4 48.Nxf5 Bxc5 49.bxc5 Ra8
50.Nxh4 e3 51.Rf5+ Ke4 52.Kd1 Ra1+ 53.Kc2 e2 {#R} 0-1

[Event "PRO League Group Stage"]
[Site "masterchessopen.com chess.com INT"]
[Date "2017.02.11"]
[Round "5"]
[White "Grover,S"]
[Black "Paragua,M"]
[Result "1-0"]
[WhiteElo "2467"]
[BlackElo "2492"]

1.e4 c5 2.Nf3 d6 3.d4 cxd4 4.Nxd4 Nf6 5.Nc3 a6 6.Bc4 e6 7.Bb3 Nbd7 8.Bg5 Nc5
9.f4 Be7 10.Qf3 Qc7 11.O-O-O b5 12.g4 Bb7 13.Bxf6 Bxf6 14.g5 Be7 15.a3 O-O-O
16.Kb1 Kb8 17.h4 d5 18.exd5 Nxb3 19.Nxb3 b4 20.axb4 Bxb4 21.Rd3 Bxc3 22.Rxc3
Bxd5 23.Qe3 Qa7 24.Qe5+ Ka8 25.Re1 Rc8 26.Qxg7 Qf2 27.Qe5 Rhd8 28.Ree3 Qf1+
29.Nc1 Rb8 30.Rc7 Bf3 31.b3 Rd1 32.Qb2 Rbd8 33.Ka2 Qb5 34.Rec3 Bb7 35.R3c5 Qb6
36.Nd3 Bd5 37.Qc3 Rb8 38.Rc8 Bb7 39.Rxb8+ Kxb8 40.Ne5 Ka8 41.Nxf7 Bd5 42.Rc8+
Ka7 43.Nd8 Ba8 44.Qg7+ Bb7 45.Nc6+ {#r} 1-0

[Event "PRO League Group Stage"]
[Site "masterchessopen.com chess.com INT"]
[Date "2017.02.11"]
[Round "5"]
[White "Grover,S"]
[Black "Akylbekov,Nasyr"]
[Result "0-1"]
[WhiteElo "2467"]
[BlackElo "2222"]

1.d4 Nf6 2.c4 e6 3.Nc3 Bb4 4.f3 d6 5.e4 O-O 6.Bd3 Bxc3+ 7.bxc3 e5 8.Ne2 c5
9.O-O Nc6 10.d5 Ne7 11.f4 Bg4 12.fxe5 dxe5 13.h3 Bxe2 14.Qxe2 Ne8 15.Qg4 Nd6
16.Bg5 Kh8 17.Rf6 Ne8 18.Rf3 f6 19.Be3 Nd6 20.Bxc5 b6 21.Ba3 Rc8 22.Qe6 Rc5
23.Bxc5 bxc5 24.Rb1 Nec8 25.g4 Re8 26.Qxe8+ Qxe8 27.Rb8 h5 28.Kh2 Qg6 29.Rb2
h4 30.a4 Nb6 31.a5 Nbxc4 32.Bxc4 Nxc4 33.Re2 Nd6 34.Rfe3 Qe8 35.g5 fxg5 36.Rf2
Qa4 {#R} 0-1

[Event "PRO League Group Stage"]
[Site "masterchessopen.com chess.com INT"]
[Date "2017.02.11"]
[Round "5"]
[White "Sai,KG"]
[Black "Balleisen,Aaron S"]
[Result "1-0"]
[WhiteElo "2339"]
[BlackElo "2127"]

1.Nc3 c5 2.Nf3 Nc6 3.e4 d6 4.d4 cxd4 5.Nxd4 Nf6 6.Bg5 Bd7 7.Qd2 Rc8 8.O-O-O
Nxd4 9.Qxd4 Qa5 10.Bd2 a6 11.Kb1 Qc5 12.Qxc5 Rxc5 13.f3 g6 14.Be3 Rc6 15.Bd4
Bg7 16.Nd5 e5 17.Be3 Nxd5 18.Rxd5 Be6 19.Rd2 Ke7 20.Be2 h5 21.Rhd1 h4 22.Bf1
Kd7 23.c4 f5 24.c5 Bf8 25.b4 Kc7 26.b5 axb5 27.Bxb5 f4 28.Bf2 dxc5 29.Bxc6
Kxc6 30.Rd8 g5 31.Re8 Bd7 32.Rd8 Be6 33.Re8 Bd7 34.Rxe5 Rg8 35.h3 b6 36.Red5
Be6 37.Rd8 Be7 38.Rxg8 Bxg8 39.Be1 Bf6 40.Rc1 b5 41.Bc3 Be7 42.Bg7 Bc4 43.Rd1
b4 44.e5 Be6 45.Bf6 Bxf6 46.Rd6+ Kc7 47.Rxe6 Bd8 48.Kc2 c4 49.Rd6 Be7 50.Rd4
c3 51.Kd3 Kc6 52.Ke4 Kc5 53.Rd7 Kc6 54.Rd1 Kc5 55.e6 Kc4 56.Rd4+ Kc5 57.Rd7 c2
58.Rc7+ Kd6 59.Rxc2 Kxe6 60.Rc6+ Bd6 61.Ra6 Kd7 62.Kd5 Be7 63.Ra7+ Kd8 64.Kc6
Ke8 65.Rb7 Kf7 66.Kd5 Kf6 67.Kc4 Ke6 68.Rxb4 Bxb4 69.Kxb4 Kd5 70.Kc3 Kc5
71.Kd3 Kd5 72.a4 Kc5 73.Ke4 Kb4 74.Kf5 Kxa4 75.Kxg5 Kb5 76.Kxf4 Kc5 77.Kg4 Kd5
78.Kxh4 Ke5 79.Kg5 Kd4 80.f4 Ke3 81.f5 {#r} 1-0

[Event "PRO League Group Stage"]
[Site "masterchessopen.com chess.com INT"]
[Date "2017.02.11"]
[Round "5"]
[White "Sai,KG"]
[Black "Giannatos,P"]
[Result "0-1"]
[WhiteElo "2339"]
[BlackElo "2284"]

1.Nc3 d5 2.e4 e6 3.d4 Bb4 4.Ne2 Nf6 5.Bg5 h6 6.Bxf6 Qxf6 7.a3 Bxc3+ 8.Nxc3 O-O
9.exd5 exd5 10.Nxd5 Re8+ 11.Be2 Qg5 12.Nxc7 Qxg2 13.Kd2 Qg5+ 14.Kd3 Bf5+
15.Kc3 Rc8 16.Kb3 Rxc7 17.c4 b5 18.cxb5 Be6+ 19.Kb4 a5+ 20.bxa6 Nxa6+ 21.Bxa6
Rb8+ 22.Ka4 Bd7+ {#R} 0-1

[Event "PRO League Group Stage"]
[Site "masterchessopen.com chess.com INT"]
[Date "2017.02.11"]
[Round "5"]
[White "Pozo Vera,S"]
[Black "Admiraal,M"]
[Result "1-0"]
[WhiteElo "2428"]
[BlackElo "2441"]

1.d4 d5 2.c4 c6 3.cxd5 cxd5 4.Nc3 e5 5.e3 e4 6.Qb3 Nf6 7.Bd2 Nc6 8.Rc1 Be7
9.Na4 O-O 10.Nc5 Rb8 11.Bb5 Bd7 12.Nxd7 Qxd7 13.Qa4 Rfc8 14.Ne2 a6 15.Bxc6
Rxc6 16.Rxc6 Qxc6 17.Qxc6 bxc6 18.b3 Kf8 19.O-O Ke8 20.Rc1 Kd7 21.Nc3 Bb4
22.Kf1 Ne8 23.Ke2 Bxc3 24.Rxc3 Nd6 25.Rc5 Nb7 26.Rc2 a5 27.f3 f5 28.Be1 Ra8
29.a4 Ra6 30.fxe4 fxe4 31.Bd2 Ra8 32.Be1 Rf8 33.b4 axb4 34.Bxb4 Ra8 35.a5 Nd8
36.Ra2 Ra6 37.Bc5 Nb7 38.Bb4 Nd8 39.Bc5 Ne6 40.Bb6 Ra8 41.Ra1 Rf8 42.a6 Nc7
43.a7 Na8 44.Bc5 Re8 45.Rb1 Ke6 46.Rb8 Nc7 47.Rxe8+ {#r} 1-0

[Event "PRO League Group Stage"]
[Site "masterchessopen.com chess.com INT"]
[Date "2017.02.11"]
[Round "5"]
[White "Pozo Vera,S"]
[Black "Ducarmon,Q"]
[Result "0-1"]
[WhiteElo "2428"]
[BlackElo "2468"]

1.d4 d5 2.Bf4 Nf6 3.e3 c5 4.c3 Qb6 5.Qb3 Nc6 6.Nd2 Bf5 7.dxc5 Qxb3 8.axb3 e5
9.Bg3 Bxc5 10.Bb5 Nd7 11.Ngf3 f6 12.O-O Ke7 13.Rfe1 Be6 14.b4 Bb6 15.e4 d4
16.Nc4 dxc3 17.bxc3 a6 18.Bxc6 bxc6 19.Nfd2 Rhc8 20.Kf1 c5 21.Rec1 cxb4
22.Nxb6 Nxb6 23.cxb4 Rxc1+ 24.Rxc1 Rb8 25.f3 Na4 26.Rb1 Nc3 27.Ra1 Na2 28.Bf2
Kf7 29.Bc5 Rc8 30.Rb1 a5 31.Ke1 a4 32.Bd6 Rc6 33.Bc5 a3 34.Ra1 Rc8 35.Nb1 Rb8
36.Nxa3 Nxb4 37.Rb1 Nd3+ 38.Kd2 Rxb1 39.Nxb1 Nxc5 {#R} 0-1

[Event "PRO League Group Stage"]
[Site "masterchessopen.com chess.com INT"]
[Date "2017.02.11"]
[Round "5"]
[White "Svicevic,R"]
[Black "Chjumachenko,A"]
[Result "1-0"]
[WhiteElo "2189"]
[BlackElo "2327"]

1.d4 Nf6 2.Bg5 Ne4 3.Bf4 d5 4.e3 g6 5.f3 Nf6 6.c4 Bg7 7.Nc3 O-O 8.g4 c5 9.dxc5
Be6 10.Nge2 Nc6 11.g5 Nh5 12.cxd5 Nb4 13.e4 Nxf4 14.Nxf4 Be5 15.Nd3 Nxd3+
16.Qxd3 Bd7 17.b4 a5 18.f4 Bg7 19.b5 Bxb5 20.Qe3 Bxf1 21.Rxf1 a4 22.Rb1 Qa5
23.Rf3 Rac8 24.e5 Rxc5 25.Kf2 Rfc8 26.Ne4 Rc2+ 27.Kg3 Qxd5 28.Rb4 Qxa2 29.Nf2
Rb2 30.Rd4 f6 31.gxf6 exf6 32.e6 Rbc2 33.e7 Re8 34.Rd8 Qf7 35.Rxe8+ Qxe8
36.Qe6+ Kh8 37.Rd3 Bf8 38.Rd8 Rc3+ 39.Kg2 Qc6+ 40.Qxc6 Kg7 41.exf8=Q# 1-0

[Event "PRO League Group Stage"]
[Site "masterchessopen.com chess.com INT"]
[Date "2017.02.11"]
[Round "5"]
[White "Zierk,S"]
[Black "Klaver,C"]
[Result "1-0"]
[WhiteElo "2493"]
[BlackElo "2117"]

1.e4 c6 2.d4 d5 3.Nc3 dxe4 4.Nxe4 Nf6 5.Nxf6+ gxf6 6.Nf3 Bg4 7.Be2 e6 8.Bf4
Bd6 9.Qd2 Qc7 10.Bg3 Nd7 11.O-O-O O-O-O 12.Kb1 Nb6 13.Qa5 Kb8 14.Rhe1 Nd5
15.Qxc7+ Bxc7 16.Bxc7+ Kxc7 17.h3 Bh5 18.g3 Rd7 19.Nh4 Bxe2 20.Rxe2 Rhd8
21.Kc1 Nb6 22.Red2 Nc4 23.Rd3 Nd6 24.Kd2 Nb5 25.Ke3 Nd6 26.b3 b5 27.c3 Nb7
28.Ng2 Nd6 29.Ke2 Ne4 30.g4 a5 31.f3 Nd6 32.Nf4 f5 33.g5 b4 34.c4 Rh8 35.h4
Re7 36.Kf2 Ree8 37.h5 Reg8 38.Rg1 Ne8 39.Rdd1 Kd6 40.Rde1 Nc7 41.Nd3 Rg7
42.Ne5 Rf8 43.c5+ Kd5 44.Nd7 Rfg8 45.Rd1 e5 46.dxe5+ Ke6 47.Rd6+ Ke7 48.Nf6
Ra8 49.Rd7+ {#r} 1-0

[Event "PRO League Group Stage"]
[Site "masterchessopen.com chess.com INT"]
[Date "2017.02.11"]
[Round "5"]
[White "Zierk,S"]
[Black "De Abreu,Roberto N"]
[Result "0-1"]
[WhiteElo "2493"]
[BlackElo "2110"]

1.e4 e6 2.d4 d5 3.Nd2 Be7 4.Ngf3 Nf6 5.e5 Nfd7 6.Bd3 c5 7.c3 Nc6 8.O-O g5 9.h3
h5 10.g4 hxg4 11.hxg4 Qb6 12.Qb3 Qc7 13.Qc2 Qb6 14.Qb3 Qc7 15.Qd1 f6 16.exf6
Nxf6 17.Re1 Qf4 18.Nf1 Qxg4+ 19.Ng3 Nh5 20.Bg6+ Kd8 21.Bxh5 Rxh5 22.Be3 Bd6
23.Nxg5 Rxg5 24.Bxg5+ Qxg5 25.Qf3 Kc7 26.dxc5 Bxc5 27.c4 Bd7 {#R} 0-1

[Event "PRO League Group Stage"]
[Site "masterchessopen.com chess.com INT"]
[Date "2017.02.11"]
[Round "5"]
[White "Macagno,S"]
[Black "Nakyp,Rakhimjan"]
[Result "1-0"]
[WhiteElo "2320"]
[BlackElo "2096"]

1.d4 Nf6 2.Nf3 g6 3.Bf4 Bg7 4.e3 d6 5.Be2 O-O 6.h3 b6 7.O-O Bb7 8.a4 a5 9.c3
Nbd7 10.Bh2 Ne4 11.Nbd2 e5 12.Qb3 Kh8 13.Nxe4 Bxe4 14.Rad1 Qe7 15.Nd2 Bb7
16.Rfe1 f5 17.Bb5 Qg5 18.f3 c6 19.Bf1 d5 20.dxe5 Qd8 21.f4 Nc5 22.Qc2 Qc8
23.Nf3 Ba6 24.c4 dxc4 25.Bxc4 Bxc4 26.Qxc4 Rd8 27.Ng5 Rxd1 28.Rxd1 h6 29.Nf7+
Kh7 30.Nd6 Qe6 31.Qxe6 Nxe6 32.e4 fxe4 33.Nxe4 b5 34.Rd6 Re8 35.Rxc6 bxa4
36.Kf1 Nd4 37.Rc7 Rb8 38.Rc4 Nf5 39.Rxa4 Rxb2 40.Bg1 Rb4 41.Rxb4 axb4 42.Nd2
g5 43.g4 Nh4 44.fxg5 hxg5 45.Bd4 Kg6 46.Ke2 Ng2 47.Kf3 Nf4 48.h4 Ne6 49.h5+
Kf7 50.Ke3 Nf4 51.Nf3 Bh6 52.Ke4 Ke6 53.Bb2 Ne2 54.Ke3 Nf4 55.Nd4+ Kd5 56.Nf5
Bf8 57.h6 Ng6 58.h7 Bc5+ 59.Kd3 Ke6 60.Ke4 Bf2 61.Nd6 Ke7 62.Kf5 Be1 63.Kxg6
{#r} 1-0

[Event "PRO League Group Stage"]
[Site "masterchessopen.com chess.com INT"]
[Date "2017.02.11"]
[Round "5"]
[White "Sethuraman,S"]
[Black "Bartholomew,J"]
[Result "0-1"]
[WhiteElo "2623"]
[BlackElo "2447"]

1.e4 d5 2.exd5 Qxd5 3.Nc3 Qd8 4.d4 Nf6 5.Nf3 Bg4 6.h3 Bxf3 7.Qxf3 c6 8.Bf4 e6
9.O-O-O Bb4 10.Ne2 Qd5 11.Qxd5 cxd5 12.c3 Be7 13.Ng3 Nc6 14.Bd3 O-O 15.Rhe1
Rfc8 16.Kb1 Ne8 17.Nf1 Bd6 18.Bc1 Rab8 19.Nd2 Na5 20.b4 Rxc3 21.Re3 Bxb4 22.a3
Rxc1+ 23.Kxc1 Bxa3+ 24.Kb1 Bb4 25.Nf3 Nd6 26.Ne5 b5 27.Rf3 f6 28.Nd7 Rd8
29.Nc5 Bxc5 30.dxc5 Ndc4 31.g4 Rc8 32.g5 fxg5 33.Rg3 h6 34.h4 g4 35.Re1 Kf7
36.Rxg4 Rxc5 37.Reg1 g5 38.hxg5 hxg5 39.Rxg5 Nd2+ 40.Ka2 Ke7 41.Rg7+ Kd6
42.Rxa7 Nc6 43.Ra3 Nb4+ 44.Kb2 Nc4+ 45.Bxc4 bxc4 46.Kc3 Nc6 47.Rd1 e5 48.Kd2
d4 49.f3 Rb5 50.Rc1 c3+ 51.Kd1 Kd5 52.Ra4 Rb2 53.Rc2 Rb1+ 54.Rc1 Rxc1+ 55.Kxc1
d3 56.Ra3 Kc4 57.Ra8 d2+ 58.Kd1 Kd3 59.Ra2 Nd4 60.Ra3 Nf5 {#R} 0-1

[Event "PRO League Group Stage"]
[Site "masterchessopen.com chess.com INT"]
[Date "2017.02.11"]
[Round "5"]
[White "De Abreu,Roberto N"]
[Black "Wheeler,Cameron"]
[Result "1-0"]
[WhiteElo "2110"]
[BlackElo "2398"]

1.d4 d5 2.c4 c6 3.Nf3 Nf6 4.Nc3 dxc4 5.a4 Bf5 6.Ne5 e6 7.f3 Bb4 8.Nxc4 O-O
9.Kf2 c5 10.e4 Bxc3 11.bxc3 Bxe4 12.fxe4 Nxe4+ 13.Kg1 Nxc3 14.Qe1 cxd4 15.Ba3
Nc6 16.Bxf8 Qxf8 17.Bd3 Qc5 18.Qh4 h6 19.Nd2 Rd8 20.h3 Nb4 21.Qxd8+ {#r} 1-0

[Event "PRO League Group Stage"]
[Site "masterchessopen.com chess.com INT"]
[Date "2017.02.11"]
[Round "5"]
[White "De Abreu,Roberto N"]
[Black "Stearman,Josiah P"]
[Result "1-0"]
[WhiteElo "2110"]
[BlackElo "2150"]

1.d4 d5 2.c4 c6 3.Nf3 Nf6 4.Nc3 dxc4 5.a4 Bf5 6.Ne5 e6 7.f3 Bb4 8.Nxc4 O-O
9.Kf2 c5 10.e4 Bxc3 11.bxc3 Bxe4 12.fxe4 Nxe4+ 13.Kg1 Nxc3 14.Qe1 cxd4 15.Ba3
Nc6 16.Bxf8 Qxf8 17.h4 Qc5 18.Kh2 Rd8 19.Bd3 Nb4 20.Qg3 f6 21.Rhf1 e5 22.Nd2
Kh8 23.Bf5 Ne2 24.Qg4 Nf4 25.Bxh7 Kxh7 26.Qf5+ g6 27.Qxf6 Qd6 28.Qf7+ Kh6
29.Ne4 Qd7 30.Rxf4 exf4 31.Qxf4+ Kg7 32.Qf6+ Kh6 33.h5 Qc7+ 34.Kh1 Qb6 35.Qg5+
Kg7 36.h6+ Kh7 37.Nf6+ Kh8 38.Qxg6 Qc7 39.Rf1 d3 40.Ne8 Qe7 41.Qg7+ Qxg7
42.hxg7+ Kh7 43.Rf8 d2 44.g8=Q+ Kh6 45.Rf6+ Kh5 46.Qg6+ Kh4 47.Rf4# 1-0